Cuentos transilvanos /
Gardado en:
| Autor Principal: | |
|---|---|
| Outros autores: | , |
| Formato: | Electrónico eBook |
| Idioma: | Lingua castelá romanés |
| Publicado: |
Valencia [Spain] :
El Nadir Ediciones,
2009.
|
| Edición: | 1. ed. |
| Series: | Narrativas el Nadir ;
31. |
| Subjects: | |
| Acceso en liña: | Digitalia Hispánica |
| Tags: |
Engadir etiqueta
Sen Etiquetas, Sexa o primeiro en etiquetar este rexistro!
|
MARC
| LEADER | 00000nam a2200000Ii 4500 | ||
|---|---|---|---|
| 001 | DIGNADIR0331 | ||
| 003 | NyNyDIG | ||
| 006 | m o d | ||
| 007 | cr ||||||||||| | ||
| 008 | 130301s2009 sp ob 000 1 spa d | ||
| 020 | |z 9788493674427 | ||
| 020 | |z 8493674427 | ||
| 035 | |a (OCoLC)722890831 | ||
| 040 | |a DGITA |b eng |e pn |c DGITA | ||
| 041 | 1 | |a spa |h rum | |
| 050 | 1 | 4 | |a PC839.D3 eBook |
| 100 | 1 | |a Dan, Pavel, |d 1907-1937. | |
| 240 | 1 | 0 | |a Urcan bătrînul. |l Spanish |
| 245 | 1 | 0 | |a Cuentos transilvanos / |c Pavel Dan ; traducción del rumano de Rafael Pisot y Cristina Sava.. |
| 250 | |a 1. ed. | ||
| 264 | 1 | |a Valencia [Spain] : |b El Nadir Ediciones, |c 2009. | |
| 300 | |a 1 online resource (232 pages) : |b ill. | ||
| 336 | |a text |b txt |2 rdacontent | ||
| 337 | |a computer |b c |2 rdamedia | ||
| 338 | |a online resource |b cr |2 rdacarrier | ||
| 490 | 1 | |a Narrativas el Nadir ; |v 31. | |
| 500 | |a Translation of: Urcan Bătrânul : Nuvele. Bucureşti: Scriitorii romani contemporani, 1938. | ||
| 505 | 1 | |a Volar del nido -- Urcan el viejo -- El entierro de Urcan el viejo -- Niño cambiado -- Los siervos. | |
| 650 | 0 | |a Romanian fiction |v Translations into Spanish. | |
| 655 | 0 | |a Electronic books. | |
| 700 | 1 | |a Pisot, Rafael. | |
| 700 | 1 | |a Sava, Cristina. | |
| 791 | 2 | |a Digitalia (Firm), |e distributor. | |
| 830 | 0 | |a Narrativas el Nadir ; |v 31. | |
| 793 | 0 | |g Digitalia eBook Collection: |a El Nadir Ediciones. | |
| 856 | 4 | 0 | |3 Digitalia Hispánica |u https://digitalia.unach.elogim.com/a/1499/ |
| 910 | |a Premium Collection: 2007-2012 | ||